Statistiken für Ballon d'or 2023 Top 5

Klicken Sie hier um das Quiz zu spielen!

Allgemein

  • Dieses Quiz wurde 53 mal gespielt
  • Das Durchschnittsergebnis liegt bei 4 aus 5

Antwortstatistiken

HintAntwort% Korrekt
1.Lionel Messi
100%
2.Erling Haaland
93%
3.Kylian Mbappé
93%
4.Kevin De Bruyne
59%
5.Rodri
45%

Verteilung der Resultate

Perzentil nach korrekt beantworteten Fragen

Anzahl Personen mit jedem Resultat

Ihre Resultats-Entwicklung

Sie haben dieses Quiz noch nicht gespielt